[Event "World Junior U20 Girls 2018"]
[Site "Gebze"]
[Date "2018.09.06"]
[Round "2"]
[White "Hereklioglu, Sude"]
[Black "Potapova, Margarita"]
[Result "0-1"]
[WhiteElo "1930"]
[BlackElo "2277"]
[Annotator "NA"]
[PlyCount "90"]
[EventDate "2018.09.05"]
[EventType "swiss"]
[EventCountry "TUR"]
[SourceTitle "playchess.com"]
[Source "ChessBase"]
[SourceQuality "1"]
[TimeControl "40/5400+30:1800+30"]

1. d4 {[%emt 0:00:30]} Nf6 {[%emt 0:00:30]} 2. Nf3 {[%emt 0:00:30]} e6 {[%emt 0:00:30]} 3. g3 {[%emt 0:00:00]} d5 {[%emt 0:00:30]} 4. Bg2 {[%emt 0:00:00]} c5 {[%emt 0:01:30]} 5. e3 {[%emt 0:01:30]} Nc6 {[%emt 0:00:30]} 6. O-O {[%emt 0:00:30]} Be7 {[%emt 0:05:30]} 7. Nbd2 {[%emt 0:08:30]} O-O {[%emt 0:00:30]} 8. b3 {[%emt 0:04:30]} a5 {[%emt 0:06:30] D02: 1 d4 d5 2 Nf3 sidelines, including 2...Nf6 3 g3 and 2...Nf6 3 Bf4} 9. Bb2 {[%emt 0:06:30]} b6 {[%emt 0:07:30]} 10. c4 {[%emt 0:09:30]} Ba6 {[%emt 0:06:30]} 11. Re1 $146 {[%emt 0:07:30]} ({Predecessor:} 11. Ne5 Rc8 12. Nxc6 Rxc6 13. Re1 Rc8 14. Rc1 cxd4 15. Bxd4 Bb4 16. Bf1 dxc4 17. bxc4 {0-1 (44) Boyle,C-Bryson,D (2310) Clarkston 1987}) 11... Rc8 {[%emt 0:04:30]} 12. Ne5 {[%emt 0:05:30]} Bb7 {[%emt 0:10:30]} 13. f4 {[%emt 0:16:30]} cxd4 {[%emt 0:08:30]} 14. exd4 {[%emt 0:03:30]} Ba8 {[%emt 0:00:30]} 15. Rc1 {[%emt 0:07:30]} dxc4 {[%emt 0:03:30]} 16. Nxc6 {[%emt 0:00:30]} Bxc6 {[%emt 0:00:30]} 17. bxc4 {[%emt 0:00:30]} Bxg2 {[%emt 0:06:30]} 18. Kxg2 {[%emt 0:00:30]} Qd7 {[%emt 0:00:30]} 19. Ne4 {[%emt 0:06:19]} Nxe4 {[%emt 0:02:30]} 20. Rxe4 {[%emt 0:00:17]} Rxc4 {[%emt 0:09:30]} 21. Rxc4 {[%emt 0:10:37]} Qd5 {[%emt 0:00:30]} 22. Qe2 {[%emt 0:00:07]} f5 {[%emt 0:00:30]} 23. Rc7 {[%emt 0:04:39]} Bf6 {[%emt 0:03:30]} 24. Kf3 {[%emt 0:03:37]} fxe4+ {[%emt 0:00:30]} 25. Qxe4 {[%emt 0:00:03]} Qxa2 {[%emt 0:00:40]} 26. Bc3 {[%emt 0:00:23]} b5 {[%emt 0:06:33]} 27. Qe2 {[%emt 0:02:17]} Qb3 {[%emt 0:03:37]} 28. Qe3 {[%emt 0:00:28]} b4 {[%emt 0:00:35]} 29. Be1 {[%emt 0:00:45]} Qd5+ {[%emt 0:01:15]} 30. Qe4 {[%emt 0:00:15]} Rd8 {[%emt 0:04:43]} 31. Qxd5 {[%emt 0:00:58]} Rxd5 {[%emt 0:00:19]} 32. Rc6 {[%emt 0:00:17]} Kf7 {[%emt 0:00:53]} 33. Rc7+ {[%emt 0:00:07]} Ke8 {[%emt 0:00:00]} 34. Rb7 {[%emt 0:00:27]} Bxd4 {[%emt 0:00:34]} 35. h4 {[%emt 0:00:40]} h5 {[%emt 0:00:49]} 36. g4 {[%emt 0:00:51]} hxg4+ {[%emt 0:00:33]} 37. Kxg4 {[%emt 0:00:03]} Bf6 {[%emt 0:00:20]} 38. Kf3 {[%emt 0:00:58]} Rd1 {[%emt 0:01:49]} 39. Ke2 {[%emt 0:00:30]} Rd5 {[%emt 0:01:15]} 40. Kf3 {[%emt 0:00:00]} Rd3+ {[%emt 0:00:00]} 41. Ke4 $19 {[%emt 0:08:52]} Ra3 {[%emt 0:05:35]} 42. Bf2 {[%emt 0:05:42]} b3 {[%emt 0:01:30]} 43. Bc5 {[%emt 0:01:09]} Ra4+ {[%emt 0:00:00]} 44. Kd3 {[%emt 0:00:10]} b2 {[%emt 0:00:00]} 45. Kc2 {[%emt 0:00:54]} Rc4+ {[%emt 0:00:30]} 0-1

[Event "World Junior U20 Girls 2018"]
[Site "Gebze"]
[Date "2018.09.06"]
[Round "2"]
[White "Koo, Wei Xin Rosamund"]
[Black "Hojjatova, Aydan"]
[Result "0-1"]
[WhiteElo "1918"]
[BlackElo "2356"]
[Annotator "NA"]
[PlyCount "76"]
[EventDate "2018.09.05"]
[EventType "swiss"]
[EventCountry "TUR"]
[SourceTitle "playchess.com"]
[Source "ChessBase"]
[SourceQuality "1"]
[TimeControl "40/5400+30:1800+30"]

1. d4 {[%emt 0:00:30]} e6 {[%emt 0:00:30]} 2. c4 {[%emt 0:00:30]} Nf6 {[%emt 0:00:00]} 3. Nf3 {[%emt 0:00:30]} d5 {[%emt 0:00:00]} 4. g3 {[%emt 0:00:00]} dxc4 {[%emt 0:00:30]} 5. Bg2 {[%emt 0:00:00]} a6 {[%emt 0:00:00]} 6. O-O {[%emt 0:02:30]} Nc6 {[%emt 0:01:00]} 7. e3 {[%emt 0:06:30]} Rb8 {[%emt 0:01:30]} 8. Qe2 {[%emt 0:15:30]} b5 {[%emt 0:01:30]} 9. Rd1 {[%emt 0:00:30]} Be7 {[%emt 0:06:30]} 10. Ne5 {[%emt 0:03:30]} Nxe5 {[%emt 0:01:30]} 11. dxe5 {[%emt 0:00:30]} Nd7 {[%emt 0:00:00]} 12. Nc3 {[%emt 0:08:30]} O-O {[%emt 0:07:00]} 13. a4 {[%emt 0:05:30]} Bb7 {[%emt 0:05:30]} 14. axb5 {[%emt 0:12:30]} Bxg2 {[%emt 0:00:30]} 15. Kxg2 {[%emt 0:00:30]} axb5 {[%emt 0:00:00]} 16. Ra5 {[%emt 0:13:30]} Qc8 {[%emt 0:04:00]} 17. Rxb5 {[%emt 0:00:30]} Rxb5 {[%emt 0:00:30]} 18. Nxb5 {[%emt 0:00:30]} Qb7+ {[%emt 0:00:30]} 19. e4 {[%emt 0:05:30]} Qxb5 {[%emt 0:00:30]} 20. b3 {[%emt 0:00:30]} Nxe5 {[%emt 0:02:30]} 21. f4 {[%emt 0:01:30]} Nd3 {[%emt 0:01:30]} 22. bxc4 {[%emt 0:02:08]} Nxc1 {[%emt 0:00:30]} 23. Rxc1 {[%emt 0:01:00]} Qb4 {[%emt 0:00:30]} 24. Rc2 {[%emt 0:00:00]} Rd8 {[%emt 0:00:30]} 25. h4 {[%emt 0:01:45]} Bc5 {[%emt 0:00:30]} 26. h5 {[%emt 0:01:03]} Qb1 {[%emt 0:00:30]} 27. e5 {[%emt 0:02:23]} Qg1+ {[%emt 0:01:30]} 28. Kf3 {[%emt 0:00:28]} Qh1+ {[%emt 0:01:30]} 29. Kg4 {[%emt 0:00:30]} g6 {[%emt 0:00:00]} 30. Qh2 {[%emt 0:00:00]} Qe4 {[%emt 0:00:00]} 31. hxg6 {[%emt 0:01:43]} hxg6 {[%emt 0:01:30]} 32. Qe2 {[%emt 0:01:00]} Qf5+ {[%emt 0:01:30]} 33. Kf3 {[%emt 0:00:30]} Rd3+ {[%emt 0:00:00]} 34. Kg2 {[%emt 0:00:19]} Re3 {[%emt 0:00:00]} 35. Qd2 {[%emt 0:00:08]} Qg4 {[%emt 0:02:30]} 36. Qd8+ {[%emt 0:03:15]} Bf8 {[%emt 0:00:30]} 37. Qh4 {[%emt 0:00:14]} Qf3+ {[%emt 0:00:00]} 38. Kh3 {[%emt 0:00:10]} Qf1+ {[%emt 0:00:00]} 0-1

[Event "World Junior U20 Girls 2018"]
[Site "Gebze"]
[Date "2018.09.06"]
[Round "2"]
[White "Doroy Allaney Jia G"]
[Black "Altantuya, Boldbaatar"]
[Result "0-1"]
[WhiteElo "1914"]
[BlackElo "2210"]
[Annotator "NA"]
[PlyCount "62"]
[EventDate "2018.09.05"]
[EventType "swiss"]
[EventCountry "TUR"]
[SourceTitle "playchess.com"]
[Source "ChessBase"]
[SourceQuality "1"]
[TimeControl "40/5400+30:1800+30"]

1. c4 {[%emt 0:00:30]} Nf6 {[%emt 0:00:30]} 2. g3 {[%emt 0:00:00]} e6 {[%emt 0:00:30]} 3. Bg2 {[%emt 0:00:00]} d5 {[%emt 0:00:30]} 4. Nf3 {[%emt 0:00:30]} Be7 {[%emt 0:00:00]} 5. O-O {[%emt 0:00:30]} O-O {[%emt 0:00:00]} 6. Qc2 {[%emt 0:00:30]} c5 {[%emt 0:00:30]} 7. cxd5 {[%emt 0:05:30]} exd5 {[%emt 0:03:30]} 8. d4 {[%emt 0:00:30]} cxd4 {[%emt 0:04:30]} 9. Nxd4 {[%emt 0:00:00]} Qb6 {[%emt 0:01:30]} 10. Nb3 {[%emt 0:15:00]} Nc6 {[%emt 0:02:30]} 11. Nc3 {[%emt 0:00:30]} Be6 {[%emt 0:06:30]} 12. Bg5 {[%emt 0:12:30]} Rac8 {[%emt 0:16:30]} 13. e3 {[%emt 0:09:30]} Rfd8 {[%emt 0:04:30]} 14. Rfd1 {[%emt 0:13:30]} Bg4 {[%emt 0:19:30]} 15. Rd2 {[%emt 0:01:30]} Nb4 {[%emt 0:02:30]} 16. Qb1 {[%emt 0:02:30]} Bh5 {[%emt 0:14:46]} 17. Bxf6 {[%emt 0:10:30]} Bxf6 {[%emt 0:00:50]} 18. Nxd5 {[%emt 0:03:30]} Nxd5 {[%emt 0:01:30]} 19. Bxd5 {[%emt 0:03:18]} a5 {[%emt 0:06:16]} 20. Qe4 {[%emt 0:08:26]} Bg6 {[%emt 0:03:02]} 21. Qa4 {[%emt 0:00:08]} Bc2 {[%emt 0:04:23]} 22. Qa3 {[%emt 0:03:18]} a4 {[%emt 0:05:46]} 23. Qxa4 {[%emt 0:03:02]} Bxb2 {[%emt 0:00:30]} 24. Rf1 {[%emt 0:00:02]} Bf6 {[%emt 0:00:09]} 25. Qf4 {[%emt 0:02:19]} Bg6 {[%emt 0:01:10]} 26. e4 {[%emt 0:00:52]} h6 {[%emt 0:00:24]} 27. h4 {[%emt 0:00:38]} Re8 {[%emt 0:00:41]} 28. Qf3 {[%emt 0:00:30]} Qb4 {[%emt 0:00:24]} 29. Qg4 {[%emt 0:03:55]} Bxe4 {[%emt 0:00:39]} 30. Re1 {[%emt 0:00:28]} Bxd5 {[%emt 0:00:25]} 31. Rxe8+ {[%emt 0:01:34]} Rxe8 {[%emt 0:00:30]} 0-1

[Event "World Junior U20 Girls 2018"]
[Site "Gebze"]
[Date "2018.09.06"]
[Round "2"]
[White "Aksoy, Ayca"]
[Black "Malatsilava, Volha"]
[Result "1-0"]
[WhiteElo "1898"]
[BlackElo "2040"]
[Annotator "NA"]
[PlyCount "83"]
[EventDate "2018.09.05"]
[EventType "swiss"]
[EventCountry "TUR"]
[SourceTitle "playchess.com"]
[Source "ChessBase"]
[SourceQuality "1"]
[TimeControl "40/5400+30:1800+30"]

1. d4 {[%emt 0:00:30]} Nf6 {[%emt 0:00:30]} 2. Bg5 {[%emt 0:00:00]} d5 {[%emt 0:04:30]} 3. Bxf6 {[%emt 0:05:00]} exf6 {[%emt 0:00:00]} 4. e3 {[%emt 0:00:30]} Bd6 {[%emt 0:00:00]} 5. Bd3 {[%emt 0:01:30]} f5 {[%emt 0:02:30]} 6. Nf3 {[%emt 0:04:30]} O-O {[%emt 0:01:30]} 7. O-O {[%emt 0:00:30]} c6 {[%emt 0:01:30]} 8. c4 {[%emt 0:01:30]} dxc4 {[%emt 0:04:30]} 9. Bxc4 {[%emt 0:00:30]} Qc7 {[%emt 0:00:30]} 10. Nc3 {[%emt 0:01:30]} Nd7 {[%emt 0:03:30]} 11. Rc1 {[%emt 0:02:30]} Nb6 {[%emt 0:01:30]} 12. Bd3 {[%emt 0:01:30]} Qe7 {[%emt 0:00:30]} 13. Qc2 {[%emt 0:02:30]} g6 {[%emt 0:01:30]} 14. Rfe1 {[%emt 0:06:30]} Nd5 {[%emt 0:06:30]} 15. Nxd5 {[%emt 0:06:30]} cxd5 {[%emt 0:00:30]} 16. g3 {[%emt 0:00:30]} Be6 {[%emt 0:04:30]} 17. a3 {[%emt 0:05:30]} Rac8 {[%emt 0:00:30]} 18. Qb1 {[%emt 0:01:30]} Rc7 {[%emt 0:01:30]} 19. Rxc7 {[%emt 0:07:30]} Qxc7 {[%emt 0:00:30]} 20. Rc1 {[%emt 0:00:30]} Qb6 {[%emt 0:00:00]} 21. Qc2 {[%emt 0:01:30]} a5 {[%emt 0:05:00]} 22. Qd2 {[%emt 0:02:30]} Re8 {[%emt 0:03:30]} 23. Rc3 {[%emt 0:01:30]} Bd7 {[%emt 0:02:30]} 24. Qc2 {[%emt 0:01:30]} a4 {[%emt 0:01:30]} 25. Kg2 {[%emt 0:03:30]} Qa5 {[%emt 0:00:30]} 26. h4 {[%emt 0:08:30]} h5 {[%emt 0:02:30]} 27. Ng5 {[%emt 0:00:30]} b5 {[%emt 0:01:30]} 28. b4 {[%emt 0:06:30]} axb3 {[%emt 0:00:30]} 29. Qxb3 {[%emt 0:00:30]} Rf8 {[%emt 0:06:30]} 30. Be2 {[%emt 0:02:30]} b4 {[%emt 0:20:30]} 31. axb4 {[%emt 0:00:30]} Bxb4 {[%emt 0:00:00]} 32. Rc1 {[%emt 0:01:30]} Ba4 {[%emt 0:06:16]} 33. Qa2 {[%emt 0:01:30]} Rd8 {[%emt 0:04:48]} 34. Bf3 {[%emt 0:01:30]} Qa8 {[%emt 0:08:04]} 35. Rc7 {[%emt 0:02:30]} f6 {[%emt 0:05:25]} 36. Nf7 {[%emt 0:04:15]} Bd1 {[%emt 0:01:14]} 37. Ra7 {[%emt 0:03:19]} Bxf3+ {[%emt 0:00:38]} 38. Kxf3 {[%emt 0:00:30]} Qc8 {[%emt 0:00:17]} 39. Nxd8 {[%emt 0:01:29]} f4 {[%emt 0:00:06]} 40. Qxd5+ {[%emt 0:00:19]} Kh8 {[%emt 0:00:00]} 41. Nf7+ {[%emt 0:00:08]} Kg7 {[%emt 0:00:42]} 42. Ng5+ {[%emt 0:00:30]} 1-0

[Event "World Junior U20 Girls 2018"]
[Site "Gebze"]
[Date "2018.09.06"]
[Round "2"]
[White "Nass, Sara"]
[Black "Urh, Zala"]
[Result "0-1"]
[WhiteElo "1888"]
[BlackElo "2128"]
[Annotator "NA"]
[PlyCount "82"]
[EventDate "2018.09.05"]
[EventType "swiss"]
[EventCountry "TUR"]
[SourceTitle "playchess.com"]
[Source "ChessBase"]
[SourceQuality "1"]
[TimeControl "40/5400+30:1800+30"]

1. e4 {[%emt 0:00:30]} e5 {[%emt 0:00:30]} 2. Nf3 {[%emt 0:00:00]} Nc6 {[%emt 0:00:30]} 3. Bb5 {[%emt 0:00:00]} Nf6 {[%emt 0:00:00]} 4. O-O {[%emt 0:00:30]} Nxe4 {[%emt 0:00:00]} 5. d4 {[%emt 0:00:30]} Nd6 {[%emt 0:00:30]} 6. Bxc6 {[%emt 0:00:00]} dxc6 {[%emt 0:00:00]} 7. dxe5 {[%emt 0:00:00]} Nf5 {[%emt 0:00:00]} 8. Qxd8+ {[%emt 0:00:30]} Kxd8 {[%emt 0:00:00]} 9. h3 {[%emt 0:00:00]} h6 {[%emt 0:00:00]} 10. Nc3 {[%emt 0:01:00]} Bd7 {[%emt 0:01:30]} 11. Rd1 {[%emt 0:00:30]} Kc8 {[%emt 0:00:30]} 12. Bf4 {[%emt 0:00:30]} b6 $11 {[%emt 0:02:30]} 13. a4 {[%emt 0:03:30]} g5 {[%emt 0:05:30]} 14. Bh2 {[%emt 0:00:30]} Be6 {[%emt 0:05:30]} 15. Ne2 {[%emt 0:09:30]} c5 {[%emt 0:02:30]} 16. Nc3 {[%emt 0:01:30]} Ne7 {[%emt 0:04:30]} 17. a5 {[%emt 0:04:30]} a6 {[%emt 0:02:30]} 18. Na4 {[%emt 0:13:30]} Kb7 {[%emt 0:01:30]} 19. axb6 {[%emt 0:01:30]} cxb6 {[%emt 0:00:30]} 20. Rd6 {[%emt 0:02:30]} Nc6 {[%emt 0:08:30]} 21. Rd2 {[%emt 0:05:30]} Be7 {[%emt 0:03:30]} 22. Nc3 {[%emt 0:03:30]} Rhd8 {[%emt 0:00:30]} 23. Ne4 {[%emt 0:03:30]} Rxd2 {[%emt 0:04:30]} 24. Nfxd2 {[%emt 0:00:30]} b5 {[%emt 0:00:30]} 25. Nd6+ {[%emt 0:02:30]} Kb6 {[%emt 0:01:30]} 26. N2e4 {[%emt 0:01:30]} a5 {[%emt 0:04:30]} 27. f4 {[%emt 0:02:30]} gxf4 {[%emt 0:06:30]} 28. Bxf4 {[%emt 0:00:00]} Rg8 {[%emt 0:03:30]} 29. Kh1 {[%emt 0:08:00]} Bd5 {[%emt 0:05:30]} 30. Rd1 {[%emt 0:04:30]} Nd4 {[%emt 0:01:30]} 31. c3 {[%emt 0:01:30]} Bxd6 {[%emt 0:02:30]} 32. exd6 {[%emt 0:02:30]} Bxe4 {[%emt 0:01:30]} 33. cxd4 {[%emt 0:01:30]} Rxg2 {[%emt 0:03:30]} 34. dxc5+ {[%emt 0:05:30]} Kb7 {[%emt 0:12:35]} 35. Rf1 {[%emt 0:06:41]} Rxb2+ {[%emt 0:03:57]} 36. Kg1 {[%emt 0:00:10]} Rg2+ {[%emt 0:00:13]} 37. Kh1 {[%emt 0:00:00]} Kc6 {[%emt 0:01:13]} 38. Bxh6 {[%emt 0:01:31]} Rg6+ {[%emt 0:01:43]} 39. Kh2 {[%emt 0:00:06]} Rxh6 {[%emt 0:00:17]} 40. Rxf7 {[%emt 0:00:00]} Rh7 {[%emt 0:00:00]} 41. Rf4 {[%emt 0:06:02]} Bd5 {[%emt 0:02:02]} 0-1

[Event "World Junior U20 Girls 2018"]
[Site "Gebze"]
[Date "2018.09.06"]
[Round "2"]
[White "Aydin, Gulenay"]
[Black "Caballero Quijano, Mitzy Mishell"]
[Result "0-1"]
[WhiteElo "1882"]
[BlackElo "2034"]
[Annotator "NA"]
[PlyCount "96"]
[EventDate "2018.09.05"]
[EventType "swiss"]
[EventCountry "TUR"]
[SourceTitle "playchess.com"]
[Source "ChessBase"]
[SourceQuality "1"]
[TimeControl "40/5400+30:1800+30"]

1. e4 {[%emt 0:00:30]} e6 {[%emt 0:00:30]} 2. d4 {[%emt 0:00:30]} d5 {[%emt 0:00:00]} 3. Nd2 {[%emt 0:00:30]} c5 {[%emt 0:00:00]} 4. Ngf3 {[%emt 0:00:30]} Nf6 {[%emt 0:00:30]} 5. e5 {[%emt 0:03:30]} Nfd7 {[%emt 0:00:00]} 6. c3 {[%emt 0:00:00]} Nc6 {[%emt 0:00:00]} 7. Bd3 {[%emt 0:01:00]} Be7 {[%emt 0:00:00]} 8. O-O {[%emt 0:01:30]} g5 {[%emt 0:00:00]} 9. dxc5 {[%emt 0:01:30]} Nxc5 {[%emt 0:00:30]} 10. Bb5 {[%emt 0:11:30]} Qb6 {[%emt 0:00:30]} 11. Nd4 {[%emt 0:08:30]} Nd7 {[%emt 0:02:30]} 12. Bxc6 {[%emt 0:06:30]} bxc6 {[%emt 0:00:00]} 13. Re1 {[%emt 0:02:30]} c5 {[%emt 0:08:00]} 14. Nc2 {[%emt 0:05:30]} Ba6 {[%emt 0:03:30]} 15. h3 {[%emt 0:12:30]} O-O-O {[%emt 0:04:30]} 16. b4 {[%emt 0:07:30]} f6 {[%emt 0:05:30]} 17. exf6 {[%emt 0:08:30]} Bxf6 {[%emt 0:00:30]} 18. Bb2 {[%emt 0:07:30]} Rhf8 {[%emt 0:09:30]} 19. Nf3 {[%emt 0:07:02]} Bc4 {[%emt 0:07:30]} 20. Ne3 {[%emt 0:07:20]} cxb4 {[%emt 0:00:30]} 21. Nxc4 {[%emt 0:00:30]} dxc4 {[%emt 0:00:30]} 22. Qe2 {[%emt 0:00:37]} Kb8 {[%emt 0:26:30]} 23. Rab1 {[%emt 0:05:00]} Rc8 {[%emt 0:02:30]} 24. Qxe6 {[%emt 0:03:05]} Qxe6 {[%emt 0:00:00]} 25. Rxe6 {[%emt 0:02:48]} Nc5 {[%emt 0:06:00]} 26. Rxf6 {[%emt 0:00:33]} Rxf6 {[%emt 0:00:30]} 27. cxb4 {[%emt 0:00:30]} Rxf3 {[%emt 0:01:30]} 28. gxf3 {[%emt 0:02:45]} Nd3 {[%emt 0:00:00]} 29. Bc3 {[%emt 0:00:54]} Kb7 {[%emt 0:04:00]} 30. a3 {[%emt 0:01:54]} Kc6 {[%emt 0:01:30]} 31. Bd2 {[%emt 0:00:53]} Kb5 {[%emt 0:01:30]} 32. Rd1 {[%emt 0:00:59]} Ka4 {[%emt 0:00:30]} 33. Kf1 {[%emt 0:00:36]} h6 {[%emt 0:02:03]} 34. Kg2 {[%emt 0:00:59]} Kxa3 {[%emt 0:03:25]} 35. Ra1+ {[%emt 0:00:58]} Kb2 {[%emt 0:00:21]} 36. Rxa7 {[%emt 0:00:34]} c3 {[%emt 0:00:43]} 37. Bxc3+ {[%emt 0:00:30]} Kxc3 {[%emt 0:00:07]} 38. b5 {[%emt 0:01:24]} Rb8 {[%emt 0:01:02]} 39. Ra6 {[%emt 0:00:30]} h5 {[%emt 0:00:08]} 40. h4 {[%emt 0:01:13]} Rxb5 {[%emt 0:00:14]} 41. Ra4 {[%emt 0:12:37]} gxh4 {[%emt 0:08:06]} 42. Rxh4 {[%emt 0:04:14]} Rg5+ {[%emt 0:00:30]} 43. Kf1 {[%emt 0:02:54]} Rf5 {[%emt 0:00:30]} 44. Rh3 {[%emt 0:08:54]} Nf4 {[%emt 0:01:30]} 45. Rh4 {[%emt 0:01:32]} Kd3 {[%emt 0:00:30]} 46. Kg1 {[%emt 0:00:53]} Ke2 {[%emt 0:01:00]} 47. Rh2 {[%emt 0:03:13]} Kxf3 {[%emt 0:00:30]} 48. Rh4 {[%emt 0:00:47]} Rg5+ {[%emt 0:00:30]} 0-1

[Event "World Junior U20 Girls 2018"]
[Site "Gebze"]
[Date "2018.09.06"]
[Round "2"]
[White "Nassr, Lina"]
[Black "Celik, Eylul"]
[Result "1/2-1/2"]
[WhiteElo "1854"]
[BlackElo "2014"]
[Annotator "NA"]
[PlyCount "101"]
[EventDate "2018.09.05"]
[EventType "swiss"]
[EventCountry "TUR"]
[SourceTitle "playchess.com"]
[Source "ChessBase"]
[SourceQuality "1"]
[TimeControl "40/5400+30:1800+30"]

1. e4 {[%emt 0:00:30]} c5 {[%emt 0:00:30]} 2. Nf3 {[%emt 0:00:00]} e6 {[%emt 0:00:30]} 3. d4 {[%emt 0:00:00]} cxd4 {[%emt 0:00:00]} 4. Nxd4 {[%emt 0:00:30]} Qb6 {[%emt 0:00:00]} 5. Be3 {[%emt 0:01:30]} a6 {[%emt 0:00:00]} 6. Nb3 {[%emt 0:05:30]} Qc7 $14 {[%emt 0:01:00] LiveBook: 3 Games} 7. Nc3 {[%emt 0:02:30]} b5 {[%emt 0:02:30]} 8. a3 {[%emt 0:01:30]} Bb7 {[%emt 0:01:30]} 9. Be2 {[%emt 0:02:30]} Nf6 {[%emt 0:00:30]} 10. Bf3 {[%emt 0:05:30]} d6 {[%emt 0:05:30]} 11. O-O {[%emt 0:01:30]} Nbd7 {[%emt 0:01:30]} 12. Nd2 {[%emt 0:07:30]} Be7 {[%emt 0:03:30]} 13. h3 {[%emt 0:06:30]} O-O {[%emt 0:03:30]} 14. g3 {[%emt 0:02:30]} Rac8 {[%emt 0:05:30]} 15. Bg2 {[%emt 0:05:30]} Ne5 {[%emt 0:08:30]} 16. f4 {[%emt 0:04:30]} Nc4 {[%emt 0:01:30]} 17. Nxc4 {[%emt 0:00:30]} Qxc4 {[%emt 0:01:30]} 18. Qd4 {[%emt 0:03:30]} Rfd8 {[%emt 0:04:30]} 19. e5 {[%emt 0:19:30]} Nd5 {[%emt 0:01:30]} 20. Qxc4 {[%emt 0:03:30]} Rxc4 {[%emt 0:00:30]} 21. Nxd5 {[%emt 0:01:30]} Bxd5 {[%emt 0:07:30]} 22. Bxd5 {[%emt 0:01:30]} exd5 {[%emt 0:00:30]} 23. exd6 {[%emt 0:01:30]} Bf6 {[%emt 0:03:30]} 24. c3 {[%emt 0:04:53]} Rxd6 {[%emt 0:02:30]} 25. Rfe1 {[%emt 0:05:52]} g6 {[%emt 0:01:30]} 26. Rad1 {[%emt 0:02:18]} a5 {[%emt 0:09:30]} 27. Bd4 {[%emt 0:04:49]} Bxd4+ {[%emt 0:05:30]} 28. Rxd4 {[%emt 0:00:47]} Kf8 {[%emt 0:01:30]} 29. Red1 {[%emt 0:01:54]} Rxd4 {[%emt 0:00:30]} 30. Rxd4 {[%emt 0:02:26]} Ke7 {[%emt 0:00:30]} 31. a4 {[%emt 0:04:13]} Ke6 {[%emt 0:02:30]} 32. axb5 {[%emt 0:01:52]} Rb6 {[%emt 0:00:30]} 33. Kf2 {[%emt 0:01:26]} Rxb5 {[%emt 0:00:30]} 34. Rd2 {[%emt 0:00:30]} a4 {[%emt 0:00:30]} 35. Ke3 {[%emt 0:01:25]} Rb3 {[%emt 0:00:30]} 36. Kd4 {[%emt 0:00:40]} a3 {[%emt 0:02:30]} 37. bxa3 {[%emt 0:00:07]} Rxa3 {[%emt 0:00:30]} 38. Rb2 {[%emt 0:01:17]} Ra6 {[%emt 0:04:00]} 39. Rb5 {[%emt 0:00:44]} Rd6 {[%emt 0:01:30]} 40. g4 {[%emt 0:00:50]} Ra6 {[%emt 0:06:09]} 41. Rxd5 {[%emt 0:04:54]} Ra1 {[%emt 0:09:00]} 42. c4 {[%emt 0:04:30]} Rh1 {[%emt 0:00:30]} 43. Re5+ {[%emt 0:01:30]} Kd6 {[%emt 0:00:30]} 44. Re3 {[%emt 0:01:30]} Rd1+ {[%emt 0:03:00]} 45. Rd3 {[%emt 0:03:42]} Re1 {[%emt 0:00:30]} 46. Kc3+ {[%emt 0:09:38]} Kc6 47. Kd4 Kd6 48. Re3 Rd1+ 49. Ke4 Kc5 50. Ke5 Rd6 51. f5 1/2-1/2